000
00298nam a2200145Ia 4500
100
_a
Samsung
942
_c
BK
654
_a
Telecom
245
_a
Linear IC data book: Telecom
260
_b
Samsung
_a
Korea
_c
1990
082
_a
621.38173
_b
SAM
300
_a
396
546
_a
ENGLISH
999
_c
20230
_d
20230